000 00674nam a22002055i 4500
001 168178
003 ES-MaACL
005 20250717013104.0
008 051005s1888 fr | |||||||| ||fre d
040 _aCAM
_bspa
_cCAM
100 1 _aZola, Émile,
_d1840-1902
_9118331
245 1 4 _aUne campagne, 1880-1881 /
_cÉmile Zola.
260 _aParis :
_bG. Charpentier,
_c1888 (
_fImp. G. Rougier et Cie.)
300 _aX, 408 p. ;
_c18 cm.
490 1 _aBibliothèque Charpentier
500 _aEn port. consta: Quatrième mille.
830 0 0 _aBibliothèque Charpentier
_9182245
852 _aES-MaACL
_jB-3234
_z-- Enc. pasta española
999 _c168178
_d168178